000 00667nam a2200277Ia 4500
005 20260324145532.0
008 008 260324s9999 xx 000 0 eng d
020 _a9781351053853
037 _aEBOOK
040 _aCRL
040 _beng
040 _cCRL
041 _2eng
041 _aeng
084 _qCRL
100 _aBob Fryer; Alan J. Hunt; Doreen McBarnet; Bert Moorhouse
_91223301
245 0 _aLaw, State and Society
260 _bTaylor and Francis
260 _c1981
365 _a
365 _b180
856 _uhttp://www.taylorfrancis.com/books/9781351053853
942 _cEBOOK
999 _c1831348
_d1831348